00525 2200205 4500001002100000005001500021008004100036020002200077035001900099041000700118082001000125090001600135100001200151700001800163245002400181250002400205260002700229300002600256650003700282INLIS00000000000297220241224112633241224||||||||| | ||| |||| || |  a978-602-9413-26-7 0010-1224002972 aid0 a158.3 a158.3 HAR p0 aHartono0 aBoy Soemardji00aPsikologi Konseling aEdisi Revisi, Cet.1 aJakartabKencanac2013 axiii, 216 hlm.: 23 cm 0aPsikologi -- Psikologi Konseling